Klasifikácia kvasinkovej flóry malokarpatskej vinohradníckej oblasti

Bibliographic Details
Main Author: Minárik, Erich, 1924-2007 (Author)
Format: Book
Language:Slovak
PhysicalDescription:73 strán fotografie, grafy, tabuľky 24 cm
Published: Bratislava Vydavateľstvo Slovenskej akadémie vied 1961
Edition:Prvé vydanie
Series:Biologické práce
Subjects:

MARC

LEADER 00000cam a2200000 a 4500
001 vtls008340169
003 SK-MaSNL
005 20260301183042.0
008 200228s1961 xo odl grn 000 0 slo
015 |a SNBA1961/11-02290 
020 |q (brožované) 
035 |a SK01SNK19610032386 
035 |a urn:nbn:sk:snk-am3hz2q 
035 |a 3CDC2093-E54C-4A0D-8D44-AC3549B35C2B 
035 |a urn:nbn:sk:snk-am00de33 
035 |a SKM000034849 
040 |a SNK  |b slo  |c SNK  |e AACR2 
041 0 |a slo  |b eng  |b ger  |b rus 
043 |a e-xo--- 
044 |a xo  |c SK 
080 |a 582.282.23  |2 2011 
080 |a (437.6)  |2 2011 
080 |a (048.8)  |2 2011 
080 |a 581.9  |2 2011 
100 1 |a Minárik, Erich,  |d 1924-2007  |4 aut  |9 133034 
245 1 0 |a Klasifikácia kvasinkovej flóry malokarpatskej vinohradníckej oblasti  |c Erich Minárik 
246 3 1 |a Klasifikacija drožževoj flory malokarpatskoj vinogradarskoj oblasti 
246 3 1 |a Klassifizierung der Hefeflora in dem Weinbaugebeit der Kleinen Karpaten 
246 3 1 |a Classification of the yerst flora from the vine region of Malé Kartapy 
250 |a Prvé vydanie 
260 |a Bratislava  |b Vydavateľstvo Slovenskej akadémie vied  |c 1961  |e Martin  |f Tlačiarne SNP 
300 |a 73 strán  |b fotografie, grafy, tabuľky  |c 24 cm 
366 |e 750 kusov 
490 1 |a Biologické práce  |v VII/6 
504 |a Bibliografia na strane 71-73 
546 |a Anglické, nemecké a ruské resumé ; súbežný názov v angličtine, nemčine a ruštine 
650 0 7 |a flóra  |2 SNKPH  |9 85117 
650 0 7 |a kvasinky  |2 SNKPH  |9 16201 
651 7 |a Malokarpatská vinohradnícka oblasť (Slovensko)  |2 SNKPHgeo  |9 151545 
655 7 |a štúdie  |2 SNKPH  |9 57033 
830 0 |a Biologické práce  |9 276853 
958 |a TL 
958 |a RK 
958 |a NB 
999 |c 855705  |d 857635 
952 |a SNK  |b SNK  |y PREZ  |7 0  |p 17A0780540  |o snkSC 7513/7/6  |i snkKSP 5750/61  |0 0  |1 0  |4 0  |d 2019-06-24  |f 1  |l 0  |r 2025-07-04 00:00:00  |w 2026-02-24 
952 |a SNK  |b SNK  |y VYP  |7 0  |p 17A1345009  |o snkSC 7513/7/6 D1  |i snkKSP 5751/61  |0 0  |1 0  |4 0  |d 2019-10-14  |l 0  |r 2026-02-24 04:55:38  |w 2026-02-24 
952 |a SNK  |b SNK  |y VYP  |7 0  |p 17A1345010  |o snkSC 7513/7/6 D2  |i snkD 2217/73  |8 1  |0 0  |1 0  |4 0  |d 2019-10-14  |l 0  |r 2026-02-24 04:55:38  |w 2026-02-24